00716nam a22002171 450000100060000000300080000600500170001400800390003103500190007003500180008904000390010704100080014608200210015410000240017524500980019926000400029730000290033750400640036665000370043065100310046734422BD-RjUL20211209052145.0140517s1956 iluab b 000 0 eng a(BD-RjUL)34516 a(OCoLC)813172 aDLCcOYUdOCoLCdDLCdBD-RjULbeng aeng a301.36bHAC 19561 aHawley, Amos Henry.14aThe changing shape of metropolitan America :bdeconcentration since 1920 /cAmos Henry Hawley aGlencoe, Ill. :bFree Press,c1956. a177 p. :bill. ;c23 cm. aBibliographical references included in "Notes" (p. 176-177) 0aCities and townszUnited States. 0aUnited StatesxPopulation.